• AIU
  • Tony Wilmot Memorial Library
Normal view MARC view

Entry Topical Term

Number of records used in: 1

001 - CONTROL NUMBER

  • control field: 37223

003 - CONTROL NUMBER IDENTIFIER

  • control field: OSt

005 - DATE AND TIME OF LATEST TRANSACTION

  • control field: 20150519161409.0

008 - FIXED-LENGTH DATA ELEMENTS

  • fixed length control field: 150519|| aca||aabn | a|a d

040 ## - CATALOGING SOURCE

  • Original cataloging agency: OSt
  • Transcribing agency: OSt

600 ## -

  • : Mannuals

670 ## - SOURCE DATA FOUND

  • Source citation: Work cat.: (OSt): 32107 Rosenthal, Morris., The Laptop repair workbook:, 2008